| 000 | 01033cam a22002651ia4500 | ||
|---|---|---|---|
| 003 | SA-RiAUC | ||
| 005 | 20250225075945.0 | ||
| 008 | 250225s2005 ae g 000 0 ara c | ||
| 020 | _a 995381094X | ||
| 040 |
_aEG-CaDAJ _bara _cSA-RiAUC _erda |
||
| 082 | 0 | 4 |
_a252 _qSA-RiAUC |
| 090 |
_a252 _b ص ل ا |
||
| 100 | 1 |
_aصلاحين، عبد المجيد محمود _eمؤلف. |
|
| 245 | 1 | 0 |
_aمفردات المذهب المالكي في العبادات : _bدراسة مقارنة / _cعبد المجيد محمود الصلاحين. |
| 250 | _aالطبعة الأولى. | ||
| 264 | 1 |
_aالجزائر : _aبيروت : _bدار التراث ؛ _bدار ابن حزم، _c2005 |
|
| 300 |
_a2 مجلد؛ _c24 سم. |
||
| 336 |
_aنص _btxt _2rdacontent _3كتاب |
||
| 337 |
_aبدون وسيط _bn _2rdamedia |
||
| 338 |
_aمجلد _bnc _2rdacarrier |
||
| 650 | 7 |
_aالعبادات (فقه إسلامي) _2aucsh |
|
| 650 | 7 |
_aالفقه المالكي _2aucsh |
|
| 942 |
_2ddc _cBOOK _n0 |
||
| 949 |
_aSA-JeALM _d250225 _ueid123 _n1 |
||
| 999 |
_c6210 _d6210 |
||